| Tag |
First Indicator |
Second Indicator |
Subfields |
| LEADER |
00000pam a2200000 i 4500 |
| 001 |
in00000049271 |
| 005 |
20151007065739.0 |
| 008 |
791204s1980 dcu b 00010 eng |
| 010 |
|
|
|a 79006405
|
| 020 |
|
|
|a 0819109452 :
|c $7.25
|
| 035 |
|
|
|a (OCoLC)05830115
|
| 035 |
|
|
|9 AAE2593AM
|
| 040 |
|
|
|a DLC
|c DLC
|d TXA
|d UtOrBLW
|
| 043 |
|
|
|a n-us---
|
| 049 |
|
|
|a TXAM
|c [1191919]
|
| 050 |
0 |
0 |
|a H62.5.U5
|b C65
|
| 082 |
0 |
|
|a 320.473
|
| 100 |
1 |
|
|a Constans, H. Philip
|q (Henry Philip),
|d 1928-
|
| 245 |
1 |
0 |
|a Fit for freedom /
|c H. Philip Constans, Jr.
|
| 264 |
|
1 |
|a Washington :
|b University Press of America,
|c [1980]
|
| 264 |
|
4 |
|c ©1980
|
| 300 |
|
|
|a viii, 133 pages ;
|c 22 cm.
|
| 336 |
|
|
|a text
|b txt
|2 rdacontent
|
| 337 |
|
|
|a unmediated
|b n
|2 rdamedia
|
| 338 |
|
|
|a volume
|b nc
|2 rdacarrier
|
| 504 |
|
|
|a Includes bibliographical references.
|
| 650 |
|
0 |
|a Civics
|x Study and teaching
|z United States.
|
| 999 |
|
|
|a MARS
|
| 999 |
f |
f |
|s c938d24d-5754-391c-af26-69d7fbf78ceb
|i 30b53779-de56-3f44-9ebb-46126ad2d29b
|t 0
|
| 952 |
f |
f |
|p ric
|a Texas A&M University
|b Rellis Campus
|c Joint Library Facility
|d Remote Storage
|t 0
|e H62.5.U5 C65
|h Library of Congress classification
|i unmediated -- volume
|m A14802515244
|
| 998 |
f |
f |
|a H62.5.U5 C65
|t 0
|l Remote Storage
|